No te gustaría ser un ladrón de cuerpos! / (Registro nro. 3573)

Detalles MARC
000 -CABECERA
Longitud fija campo de control 00977nam a2200289 a 4500
003 - • IDENTIFICADOR DELl NÚMERO DE CONTROL
Identificador del número de control CO-ViMGA
008 - • CÓDIGOS DE INFORMACIÓN DE LONGITUD FIJA
Códigos de información de longitud fija 141112s2004 ck r 000 u spa d
020 ## - • NÚMERO INTERNACIONAL NORMALIZADO PARA LIBROS
Número Internacional Normalizado para Libros (ISBN) 9789583032400
040 ## - FUENTE DE LA CATALOGACIÓN
Centro catalogador de origen CO-ViMGA
Lengua de catalogación spa
Centro transcriptor CO-ViMGA
082 04 - • NÚMERO DE LA CLASIFICACIÓN DECIMAL DEWEY
Número de clasificación (R) I610 M11n
100 1# - • PUNTO DE ACCESO PRINCIPAL-NOMBRE DE PERSONA
Nombre de persona Macdonald, Fiona
245 10 - • TITULO PROPIAMENTE DICHO
Título No te gustaría ser un ladrón de cuerpos! /
Mención de responsabilidad, etc. escrito por Fiona Macdonald ; ilustrado por David Antram ; creado y diseñado por David Salariya
250 ## - • MENCIÓN DE EDICIÓN
Mención de edición 1a. ed.
300 ## - • DESCRIPCIÓN FÍSICA
Extensión 32 p. : il. ; 25 cm
490 ## - • MENCIÓN DE SERIE
Mención de serie No te gustaría ser - -
500 ## - • NOTA GENERAL
Nota general Incluye índice
598 ## -
-- NEW - GRAL, NEW
650 14 - • PUNTO DE ACCESO ADICIONAL DE MATERIA - TÉRMINO DE MATERIA
Término de materia o nombre geográfico como elemento inicial Medicina - Literatura infantil
653 ## - • TÉRMINO DE INDIZACIÓN - NO CONTROLADO
Término no controlado Ladrones de cadáveres
700 1# - • PUNTO DE ACCESO ADICIONAL - NOMBRE DE PERSONA
Nombre de persona Antram, David, 1958 - , ilustrador il.
917 ## -
-- 2009 - 6816 2 ejemplares
942 ## - ENTRADA DE ELEMENTOS AGREGADOS (KOHA)
Fuente de clasificaión o esquema Dewey Decimal Classification
Koha [por defecto] tipo de item LIbro
990 ## - EQUIVALENCIA O SECCIÓN-REFERENCIA [LOCAL, CANADA]
Enlace de información para campos 9XX 2009 - 6816 PanAméricana 2 ejemplares 21 29092009 a692728
Existencias
Perdido Fuente de clasificación o esquema Estado Físico No para préstamo Forma de adquisición Localización permanente Localización actual Localización en estanterías Fecha adquisición Préstamos totales Signatura completa Código de barras Fecha última consulta Número de copia Fecha del precio de reemplazo Tipo de item de Koha Serie de enumeración / cronolog&íacute;a
  Dewey Decimal Classification     Sala Infantil Segundo Piso Biblioteca Pública Germán Arciniegas - Villavicencio Biblioteca Pública Germán Arciniegas - Villavicencio   12/04/2015   I610 M11n 27872 12/04/2015 Ej. 1 12/04/2015 LIbro 15/dic/2014
  Dewey Decimal Classification     Sala Infantil Segundo Piso Biblioteca Pública Germán Arciniegas - Villavicencio Biblioteca Pública Germán Arciniegas - Villavicencio   04/01/2020   I610 M11n 33178 04/01/2020   04/01/2020 LIbro  
  Dewey Decimal Classification     Sala Infantil Segundo Piso Biblioteca Pública Germán Arciniegas - Villavicencio Biblioteca Pública Germán Arciniegas - Villavicencio   04/01/2020   I610 M11n 33179 04/01/2020   04/01/2020 LIbro  
  Dewey Decimal Classification     Infantil Biblioteca Pública Medellin del Ariari - El Castillo Biblioteca Pública Medellin del Ariari - El Castillo Sala Infantil 06/28/2023   610.7M11NEJ.1 BM0000229 06/28/2023 Ej.1 06/28/2023 Libro Infantil  









Instituto Departamental de Cultura del Meta - Red Departamental de Bibliotecas Públicas del Meta.